000 00215nam a22000857a 4500
008 161124b xxu||||| |||| 00| 0 eng d
100 _91410
_aCBSE
245 _aAPC Digest English Core-XII
260 _aNew Delhi
_bCBSE
_c2010
999 _c4127
_d4127